000 00571nam a2200217Ia 4500
003 OSt
005 20220923225048.0
006 a|||||r|||| 00| 0
007 ta
008 Pun
024 _a255,946
037 _cTextual
040 _aARTS
_cARTS
_bPun
041 _2Pun
_aPun
082 _aO153,1N58:g, P2
100 _aਧਾਰੀਵਾਲ
_9156280
245 0 _aਸਵਰਾੰਜਲੀ ਸਾਵੀ ਦਾ ਕਾਵਿ ਪਰਵਚਨ
260 _c2002
942 _hO153,1N58:g, P2
_cTEXL
_2CC
999 _c375764
_d375764